[Event "Balatonalmadi Pannonia Cup 15th"]
[Site "Balatonalmadi"]
[Date "2010.07.31"]
[Round "6"]
[White "Nemeth, Miklos"]
[Black "Hafner, Bernhard"]
[Result "1-0"]
[WhiteElo "2059"]
[BlackElo "1977"]
[PlyCount "43"]
[EventDate "2010.07.28"]
[EventType "swiss"]
[EventRounds "7"]
[EventCountry "HUN"]
[SourceTitle "EXT 2016"]
[Source "ChessBase"]
[SourceDate "2015.10.08"]
[SourceVersion "1"]
[SourceVersionDate "2015.10.08"]
[SourceQuality "1"]

1. e4 e6 2. d4 d5 3. Nc3 dxe4 4. Nxe4 Nf6 5. Bg5 Be7 6. Bxf6 Bxf6 7. Nf3 0-0 8. c3 b6 9. Bd3 Bb7 10. Qc2 g6 11. h4 Nd7 12. h5 Qe7 13. 0-0-0 Rad8 14. hxg6 hxg6 15. Nxf6+ Qxf6 16. Rh3 Kg7 17. Rg3 Rh8 18. Qa4 Qe7 19. Ne5 Nxe5 20. dxe5 Qc5 21. Bxg6 fxg6 22. Rd7+ 1-0

[Event "Villach Admira 60 op"]
[Site "Villach"]
[Date "2006.02.11"]
[Round "1"]
[White "Reichmann, Egon"]
[Black "Hafner, Bernhard"]
[Result "1-0"]
[WhiteElo "2328"]
[BlackElo "2061"]
[PlyCount "23"]
[EventDate "2006.02.11"]
[EventType "swiss"]
[EventRounds "9"]
[EventCountry "AUT"]
[SourceTitle "CBM 110 Extra"]
[Source "ChessBase"]
[SourceDate "2006.03.10"]
[SourceVersion "2"]
[SourceVersionDate "2006.03.10"]
[SourceQuality "1"]

1. e4 c5 2. Nf3 Nc6 3. d4 cxd4 4. Nxd4 a6 5. Nc3 e6 6. Nxc6 bxc6 7. Bd3 d5 8. 0-0 Nf6 9. Re1 Bb4 10. e5 Nd7 11. Qg4 g6 12. Qxb4 1-0

[Event "Feffernitz Raika op 07th"]
[Site "Feffernitz"]
[Date "1998.08.20"]
[Round "?"]
[White "Kofler, Michael"]
[Black "Hafner, Bernhard"]
[Result "1/2-1/2"]
[WhiteElo "1668"]
[BlackElo "2080"]
[PlyCount "32"]
[EventDate "1998.08.??"]
[EventType "swiss"]
[EventRounds "9"]
[EventCountry "AUT"]
[SourceTitle "EXT 2004"]
[Source "ChessBase"]
[SourceDate "2003.11.25"]
[SourceVersion "1"]
[SourceVersionDate "2003.11.25"]
[SourceQuality "1"]

1. e4 c5 2. c3 a6 3. d4 cxd4 4. cxd4 e6 5. d5 exd5 6. exd5 Bb4+ 7. Bd2 Qe7+ 8. Ne2 Nf6 9. a3 Bxd2+ 10. Qxd2 Ne4 11. Qe3 d6 12. Nbc3 Nc5 13. Qxe7+ Kxe7 14. Nd4 Re8 15. 0-0-0 Kf6 16. b4 Ncd7 1/2-1/2

[Event "Feffernitz Raika op 07th"]
[Site "Feffernitz"]
[Date "1998.08.19"]
[Round "?"]
[White "Hafner, Bernhard"]
[Black "Breuer, Christoph"]
[Result "1/2-1/2"]
[WhiteElo "2080"]
[BlackElo "1620"]
[PlyCount "32"]
[EventDate "1998.08.??"]
[EventType "swiss"]
[EventRounds "9"]
[EventCountry "AUT"]
[SourceTitle "EXT 2004"]
[Source "ChessBase"]
[SourceDate "2003.11.25"]
[SourceVersion "1"]
[SourceVersionDate "2003.11.25"]
[SourceQuality "1"]

1. d4 d5 2. e4 e6 3. e5 c5 4. c3 Nc6 5. Nf3 Qb6 6. a3 Bd7 7. Be2 f6 8. 0-0 fxe5 9. Nxe5 Nxe5 10. dxe5 Ne7 11. Nd2 Nc6 12. Nf3 Be7 13. b4 0-0 14. Be3 Qc7 15. Qd2 Be8 16. Qc2 h6 1/2-1/2

[Event "Feffernitz Raika op 07th"]
[Site "Feffernitz"]
[Date "1998.08.18"]
[Round "?"]
[White "Hipp, Mario"]
[Black "Hafner, Bernhard"]
[Result "0-1"]
[WhiteElo "1244"]
[BlackElo "2080"]
[PlyCount "60"]
[EventDate "1998.08.??"]
[EventType "swiss"]
[EventRounds "9"]
[EventCountry "AUT"]
[SourceTitle "EXT 2004"]
[Source "ChessBase"]
[SourceDate "2003.11.25"]
[SourceVersion "1"]
[SourceVersionDate "2003.11.25"]
[SourceQuality "1"]

1. e4 c5 2. Nf3 e6 3. Nc3 a6 4. Bc4 b5 5. Be2 Bb7 6. d3 Nf6 7. 0-0 Be7 8. Bg5 0-0 9. Qd2 d5 10. e5 Nfd7 11. Bxe7 Qxe7 12. Qf4 Nc6 13. a4 b4 14. Nb1 Rac8 15. c3 f6 16. exf6 Rxf6 17. Qe3 e5 18. d4 e4 19. Nfd2 Rcf8 20. f3 cxd4 21. cxd4 exf3 22. Rxf3 Qxe3+ 23. Rxe3 Nxd4 24. Nf3 Nc2 25. Re7 Nc5 26. Ra2 b3 27. Ra3 Nxa3 28. bxa3 Re6 29. Rxe6 Nxe6 30. Nc3 Rc8 0-1

[Event "Feffernitz Raika op 05th"]
[Site "Feffernitz"]
[Date "1996.??.??"]
[Round "?"]
[White "Hafner, Bernhard"]
[Black "Hasberger, Walter"]
[Result "0-1"]
[WhiteElo "2085"]
[BlackElo "1820"]
[PlyCount "64"]
[EventDate "1996.08.??"]
[EventType "swiss"]
[EventRounds "9"]
[EventCountry "AUT"]
[SourceTitle "EXT 2004"]
[Source "ChessBase"]
[SourceDate "2003.11.25"]
[SourceVersion "1"]
[SourceVersionDate "2003.11.25"]
[SourceQuality "1"]

1. d4 d5 2. e4 dxe4 3. Nc3 Nf6 4. f3 exf3 5. Qxf3 Qxd4 6. Bd3 c6 7. Nge2 Qb6 8. Bd2 Bg4 9. Qg3 g6 10. Na4 Qd8 11. Nc5 b6 12. Be3 bxc5 13. Bxc5 Qa5+ 14. b4 Qd8 15. 0-0-0 Nbd7 16. Ba6 Bg7 17. Rhe1 0-0 18. Bc4 a5 19. h4 Bxe2 20. Bb6 Qxb6 21. Rxe2 Qxb4 22. Qb3 Qxb3 23. axb3 e6 24. g4 Rfb8 25. g5 Nd5 26. Bxd5 cxd5 27. c4 Nb6 28. cxd5 Nxd5 29. Red2 Rc8+ 30. Rc2 Ne3 31. Rxc8+ Rxc8+ 32. Kd2 Nxd1 0-1

[Event "Feffernitz Raika op 05th"]
[Site "Feffernitz"]
[Date "1996.??.??"]
[Round "?"]
[White "Hafner, Bernhard"]
[Black "Hinterhofer, Hubert"]
[Result "1/2-1/2"]
[WhiteElo "2085"]
[BlackElo "1830"]
[PlyCount "28"]
[EventDate "1996.08.??"]
[EventType "swiss"]
[EventRounds "9"]
[EventCountry "AUT"]
[SourceTitle "EXT 2004"]
[Source "ChessBase"]
[SourceDate "2003.11.25"]
[SourceVersion "1"]
[SourceVersionDate "2003.11.25"]
[SourceQuality "1"]

1. d4 g6 2. Bf4 Bg7 3. e3 d6 4. Nf3 Nd7 5. c3 e5 6. dxe5 dxe5 7. Bg3 Ne7 8. Bc4 0-0 9. Nbd2 Nf5 10. Qe2 Qe7 11. Ne4 Nb6 12. Bb3 Be6 13. Qb5 Bxb3 14. Qxb3 Rad8 1/2-1/2

[Event "Feffernitz Raika op 05th"]
[Site "Feffernitz"]
[Date "1996.??.??"]
[Round "?"]
[White "Hafner, Bernhard"]
[Black "Kreiner, Ch"]
[Result "1-0"]
[WhiteElo "2085"]
[BlackElo "1850"]
[PlyCount "91"]
[EventDate "1996.08.??"]
[EventType "swiss"]
[EventRounds "9"]
[EventCountry "AUT"]
[SourceTitle "EXT 2004"]
[Source "ChessBase"]
[SourceDate "2003.11.25"]
[SourceVersion "1"]
[SourceVersionDate "2003.11.25"]
[SourceQuality "1"]

1. d4 d5 2. Bf4 e6 3. Nf3 Nf6 4. e3 c5 5. c3 Nc6 6. Nbd2 Be7 7. Ne5 Qb6 8. Qc2 Nd7 9. Ndf3 Ncxe5 10. dxe5 f6 11. Be2 0-0 12. exf6 Bxf6 13. Bd3 h6 14. Bg6 e5 15. Bg3 Qc6 16. Bh5 e4 17. Nh4 Bxh4 18. Bxh4 Ne5 19. 0-0 g6 20. Be2 c4 21. b3 b5 22. a4 Ba6 23. bxc4 Nxc4 24. Rfd1 bxa4 25. Bxc4 Bxc4 26. Rxa4 Rab8 27. Rb4 a5 28. Rxb8 Rxb8 29. Qd2 Qc5 30. f3 exf3 31. gxf3 a4 32. Bf2 Qa5 33. e4 dxe4 34. Qxh6 Qh5 35. Qf4 Rf8 36. Qxe4 Bb3 37. Rd3 a3 38. c4 Qg5+ 39. Bg3 a2 40. Qe6+ Rf7 41. Qe8+ Rf8 42. Qe6+ Kh8 43. Qe5+ Qf6 44. Qxf6+ Rxf6 45. Be5 Kg7 46. Rxb3 1-0